000 00678nam a2200217Ia 4500
005 20221115151017.0
008 210716s2013 xx 000 0 und d
020 _a9788131732267
040 _cAIMIT LIBRARY
041 _aeng
082 _a005.365
_21
_bCOHM
100 _aCohn, Mike.
_962038
245 _aSucceeding with agile :
_bsoftware development using scrum /
_cBy Mike Cohn.
250 _a1 st ed.
260 _aNew Delhi :
_bPearson ,
_c2013.
300 _axxviii,475 p.;
_c24.5 cm.
650 _aPatterns for adopting scrum
_962039
650 _aInterating towards agility
_962040
650 _aTechnical practices
_962041
942 _2ddc
_cBK
_e1st
_k005.365 COHM
999 _c193220
_d193220